| 000 | 00738nam a2200289Ia 4500 | ||
|---|---|---|---|
| 005 | 20260324113136.0 | ||
| 008 | 008 260324s9999 xx 000 0 eng d | ||
| 020 | _a9781003089131 | ||
| 037 | _aEBOOK | ||
| 040 | _aCRL | ||
| 040 | _beng | ||
| 040 | _cCRL | ||
| 041 | _2eng | ||
| 041 | _aeng | ||
| 084 | _qCRL | ||
| 100 |
_aIan Campbell; Todd Rester _91145591 |
||
| 245 | 0 | _aFranciscans and Scotists on War | |
| 245 | 0 | _bJohn Duns Scotus’s Theology, Anti-Judaism, and Holy War in Early Modernity | |
| 260 | _bTaylor and Francis | ||
| 260 | _c2024 | ||
| 365 | _a | ||
| 365 | _b220 | ||
| 856 | _uhttp://www.taylorfrancis.com/books/9781003089131 | ||
| 942 | _cEBOOK | ||
| 999 |
_c1735086 _d1735086 |
||